000 00399nam a2200181Ia 4500
003 0100
008 130227s9999 xx 000 0 und d
040 _cARRUPELIB
050 _aHB846.8.S466
100 _aSen, Amartya
245 _aRationality and freedom
260 _aCambridge
260 _bThe Belknap Press
260 _C2002
300 _a736p.
300 _b 23 cm
942 _2lcc
_06
999 _c4196
_d4196